000 00993nam0a22002891 4500
001 rc\4981003
005 20250613061501.0
021 _aRU
_b[64-59892]
035 _a(NLR Aleph) 008982028
090 _a9191928
_c9191928
100 _a20130430d1964 |||y0rusy50 ca
101 0 _arus
102 _aRU
105 _aa z |||||
200 1 _aРуководство по борьбе с эрозией почв
_fПод ред. М.Н. Заславского
210 _aКишинев
_cКартя молдовеняскэ
_d1964
215 _a337 с.
_cил.
_d21
300 _aАвт. глав: М.Н. Заславский, Г.Д. Гуцол, А.Т. Фостиков и др.
606 _aЭрозия почв
_yМолдавская ССР
_2psbo
701 1 _aГуцол
_bГ.Д.
701 1 _aЗаславский
_bМ.Н.
_4340
701 1 _aФостиков
_bА.Т.
801 0 _aRU
_bNLR
_gpsbo
801 1 _aRU
_bELAR
_2rusmarc
852 _aNLR
_j64-3/4728
942 _cBOOK
980 _aNB